|
|
|
|
| LEADER |
01678cas a2200241 a 4500 |
| 001 |
AALejournalIMF004565 |
| 008 |
230101c9999 xx r poo 0 0eng d |
| 020 |
|
|
|c 5.00 USD
|
| 020 |
|
|
|z 9781451865486
|
| 022 |
|
|
|a 1018-5941
|
| 040 |
|
|
|a BD-DhAAL
|c BD-DhAAL
|
| 100 |
1 |
|
|a Carvajal, Ana.
|
| 245 |
1 |
0 |
|a Regulatory Lessons from the Crisis of Costa Rica's Mutual Fund Industry /
|c Ana Carvajal.
|
| 264 |
|
1 |
|a Washington, D.C. :
|b International Monetary Fund,
|c 2006.
|
| 300 |
|
|
|a 1 online resource (26 pages)
|
| 490 |
1 |
|
|a IMF Working Papers
|
| 500 |
|
|
|a <strong>Off-Campus Access:</strong> No User ID or Password Required
|
| 500 |
|
|
|a <strong>On-Campus Access:</strong> No User ID or Password Required
|
| 506 |
|
|
|a Electronic access restricted to authorized BRAC University faculty, staff and students
|
| 520 |
3 |
|
|a In 2004, the mutual fund industry of Costa Rica experienced a massive run by investors that reduced the industry to half its size in a month. This paper explores how weaknesses in the regulatory framework played a role in the crisis and draws lessons for developing countries. The analysis of events demonstrates the need for developing countries to design a multi-pillar framework for securities regulation as well as to strengthen financial literacy and capacity building. At the micro level it shows the importance of market conduct rules and the challenges that the implementation of mark-to-market poses for developing markets.
|
| 538 |
|
|
|a Mode of access: Internet
|
| 830 |
|
0 |
|a IMF Working Papers; Working Paper ;
|v No. 2006/288
|
| 856 |
4 |
0 |
|z Full text available on IMF
|u http://elibrary.imf.org/view/journals/001/2006/288/001.2006.issue-288-en.xml
|z IMF e-Library
|